|
|
|
|
| LEADER |
00000nab a2200000 a 4500 |
| 001 |
vtls008933405 |
| 003 |
SK-MaSNL |
| 005 |
20260304144911.0 |
| 008 |
250505c2006 xo |||||||||||000 b|slo |
| 015 |
|
|
|a SNBRB2007/01
|2 snkbucl
|
| 035 |
|
|
|a (uuid)b261134c-6064-416b-bb3f-01fa2e5d7cc7
|
| 035 |
|
|
|a urn:nbn:sk:snk-abz19
|
| 035 |
|
|
|a (urnnbn)urn:nbn:sk:snk:ar-a04fv2
|
| 038 |
|
|
|a SNKBUCL
|
| 040 |
|
|
|a SNKBUCL
|b slo
|c SNKBUCL
|e AACR2
|
| 041 |
0 |
|
|a slo
|
| 044 |
|
|
|a xo
|c SK
|
| 080 |
|
|
|a 632.1:633.16
|2 1997
|
| 080 |
|
|
|a 633.16
|2 1997
|
| 100 |
1 |
|
|a Hudec, Kamil,
|d 1973-
|4 aut
|9 179592
|
| 245 |
1 |
0 |
|a Fyziologická škvrnitosť jačmeňa - aktuálna choroba neznámeho pôvodu
|c Kamil Hudec
|
| 300 |
|
|
|b Fotogr.
|
| 650 |
0 |
7 |
|a jačmeň
|2 snkbucl
|9 20188
|
| 650 |
0 |
7 |
|a choroby rastlín
|2 snkbucl
|9 3634
|
| 650 |
0 |
7 |
|a fyziologická škvrnitosť jačmeňa
|2 snkbucl
|9 1466865
|
| 773 |
0 |
|
|t Naše pole
|g Roč. X, č. 9 (2006), s. 14-15
|x 1335-2466
|
| 850 |
|
|
|a Slovenská národná knižnica
|
| 852 |
|
|
|a Slovenská národná knižnica
|
| 954 |
|
|
|a odborná, vedecká literatúra pôvodná (slovenská)
|2 lita
|
| 958 |
|
|
|a article27
|
| 958 |
|
|
|a OND
|
| 958 |
|
|
|a EUIPO
|
| 999 |
|
|
|c 2933838
|d 2935768
|